000
00221nam a22000977a 4500
999
_c
16023
_d
16023
003
OSt
008
191028b ||||| |||| 00| 0 eng d
100
_a
Kanam,E J.
_9
4460
245
_a
Komala malayile pullanguzhal
942
_c
BK